| 000 | 00854nam a2200217 i 4500 | ||
|---|---|---|---|
| 001 | 83139 | ||
| 003 | ES-MaACL | ||
| 005 | 20250923160914.0 | ||
| 007 | t| | ||
| 008 | 180607s1962 sp ||||1| spa d | ||
| 245 | 0 | 0 |
_aInstituciones económicas, sociales y políticas de la época fernandina / _cpor J. Vicens Vives, V. Navarro González, J. Iglesies, E. Serra Rafols... |
| 260 |
_aZaragoza : _b"Institución Fernando el Católico", _c[1962] |
||
| 300 |
_a295 p. ; _c24 cm. |
||
| 490 | 1 | _aPublicación núm. 290 de la Institución "Fernando el Católico" | |
| 651 |
_aEspaña- _xHistoria- _y1474-1516, Reyes Católicos. _98222 |
||
| 700 | 1 |
_aVicens Vives, Jaime, _d1910-1960 _9114319 |
|
| 830 | 0 | 0 |
_aPublicación ... de la Institución Fernando el Católico ; _9233871 _v290 |
| 852 |
_aES-MaACL _jL-32003 |
||
| 942 | _2udc | ||
| 999 |
_c83139 _d83139 |
||